अनुवाद विमर्शः मौलिक चिंतन / (Record no. 184667)

MARC details
000 -LEADER
fixed length control field 01352nam a2200229 4500
005 - DATE AND TIME OF LATEST TRANSACTION
control field 20220829143931.0
010 ## - LCCN (DPL NO)
LC control number B-742126-128 B-745218 HIN-21-22
020 ## - INTERNATIONAL STANDARD BOOK NUMBER
International Standard Book Number 9788195396917
Terms of availability 800.00
035 ## - SYSTEM CONTROL NUMBER
System control number B-742126-128
035 ## - SYSTEM CONTROL NUMBER
System control number B-745218
037 ## - SOURCE OF ACQUISITION
Source of stock number/acquisition नयी किताब प्रकाशन
037 ## - SOURCE OF ACQUISITION
Source of stock number/acquisition उपहार
082 ## - DEWEY DECIMAL CLASSIFICATION NUMBER
Classification number 401.802
100 ## - MAIN ENTRY--PERSONAL NAME
Personal name टंडन, पूरन चंद
245 ## - TITLE STATEMENT
Title अनुवाद विमर्शः मौलिक चिंतन /
Statement of responsibility, etc पूरन चंद टंडन
260 ## - PUBLICATION, DISTRIBUTION, ETC. (IMPRINT)
Place of publication, distribution, etc दिल्ली
Name of publisher, distributor, etc नयी किताब प्रकाशन
Date of publication, distribution, etc 2022
270 ## - ADDRESS
Address 1/11829,ग्राउंड फ्लोर,पंचशील गार्डन,नवीन शाहदरा,
City दिल्ली
Postal code 110032
300 ## - PHYSICAL DESCRIPTION
Extent 400पृ.
Dimensions 22सेमी(सजिल्द)
942 ## - ADDED ENTRY ELEMENTS (KOHA)
Source of classification or shelving scheme Dewey Decimal Classification
Item type Hindi Books
Call number suffix टंडन
Classification part 401.802
Holdings
Withdrawn status Lost status Not for loan Collection code Home library Current library Date acquired Source of acquisition Cost, normal purchase price Full call number Barcode Copy number Cost, replacement price Koha item type Public note
      Non-fiction Central Library Central Library 09/06/2022 नयी किताब प्रका./NKP-893/24.2.22/169/23.2.22/4.3.22 800.00 401.802 टंडन B-742126 1 800.00 Hindi Books  
      Non-fiction Kadipur Kadipur 29/08/2022 उपहार/28.7.2022 800.00 401.802 टंडन B-745218 1 800.00 Hindi Books उपहार
      Non-fiction Patel Nagar Patel Nagar 09/06/2022 नयी किताब प्रका./NKP-893/24.2.22/169/23.2.22/4.3.22 800.00 401.802 टंडन B-742127 1 800.00 Hindi Books  
      Non-fiction Sarojini Nagar Sarojini Nagar 09/06/2022 नयी किताब प्रका./NKP-893/24.2.22/169/23.2.22/4.3.22 800.00 401.802 टंडन B-742128 1 800.00 Hindi Books  

© Delhi Public Library
Hit Counter
free hit counter